000 00466nam a2200181Ia 4500
001 16498
005 20260306170314.0
008 260306t2023||||xx |||||||||||||| ||und||
041 _aESP
082 _a348.6
_bO26 2023
100 _aObregón Sevillano, Tulio,
_eAUT
245 0 _aContratación laboral :
_baspectos laborales y tributarios
260 _c2023
300 _a349 páginas :
_c25 cm.
650 _aGEN
654 _aCDE
942 _cLIB
_dJUS
_fJUS
_2ddc
_n
999 _c16498
_d16498